00881nas a2200241Ia 4500001001200000003001000012008004100022040002500063041001200088100006300100210002200163222002200185240007700207245007700284250001100361260000900372501012300381300001100504362001900515500006700534650002700601700001100628te15-29413 IT-MiCISF161014c99999999xx |||||||||||| ||und|| aIT-MiCISFcIT-MiCISF aINGLESE aDepartment of Economic and Social Affairs - United Nations aBulletin on Aging aBulletin on Aging aTowards a Society for All Ages. International Year of Older Persons 1999 0aTowards a Society for All Ages. International Year of Older Persons 1999 a1a ed. c1998 bCISF - Centro Internazionale Studi Famiglia - Via Giotto, 36 20145 MILANO (non commercial uses only)cCopyright 2016 app. 19 a n. 2-3 [1998] a Tema: anziani, società, rapporti-intergenerazionali, valori aterza etàvdocumento aAA.VV.